Представление документа в формате MARC21

Поле Инд. ПП Название Значение
Тип записи a
Библиографический уровень m
001 Контрольный номер 28b312faaa3b40a6bb3b3fd89855d11a
005 Дата корректировки 20240320161636.6
040 b Код языка каталог. rus
041 0_ a Код языка текста rus
080 a Индекс УДК 004.85
084 a Индекс другой классификации/Индекс ББК 32.973
090 a Полочн. индекс 681.3
x Авторский знак М18
097 b Оператор 02
100 1_ a Автор Малашков В. Б.
245 10 a Заглавие Исследование и применение методов машинного обучения для анализа текстов научных публикаций
b Продолж. заглавия дисс. на соиск. степени магистра техн. наук : 1-40 80 05
c Ответственность науч. рук. С. Г. Шульдова
h Физич. носитель только электронный вариант
260 a Место издания Минск
b Издательство БГУИР
c Дата издания 2021
510 0_ a Примечание о ссылках Диссертации и авторефераты диссертаций
653 0_ a Ключевые слова машинное обучение; научные публикации
856 40 u URL https://libeldoc.bsuir.by/bitstream/123456789/45089/1/Malashkov_Issledovanie.pdf
901 t Тип документа d